Freguesias de Vila Nova de Cerveira - Statistics

Estatísticas Gerais
  • Esse quiz foi jogado 20 vezes
  • A pontuação média é 9 de 15
Estatísticas das Respostas
Número Freguesia % Correto
15 Vila Nova de Cerveira
100%
1 Campos
86%
4 Covas
71%
5 Gondar
71%
6 Gondarém
71%
8 Lovelhe
71%
2 Candemil
57%
3 Cornes
57%
9 Mentrestido
57%
10 Nogueira
57%
13 Reboreda
57%
7 Loivo
43%
11 Sapardos
43%
14 Vila Meã
43%
12 Sopo
29%
Nenhum quiz correspondente encontrado
Distribuição das Pontuações
Porcentagem de Pessoas com Cada Pontuação
Percentil de Números Respondidos
Sua Pontuação Histórica
Você não jogou esse quiz